000 01029nam2a22002651 4500
001 RU\NLR\INFOCOMM31\5000066768
005 20250617115445.0
035 _a(NLR Aleph) 002584906
090 _a3308757
_c3308757
100 _a20041020d1973 |||y0rusy50 ca
101 0 _arus
_aeng
102 _aRU
105 _ay ||||000|y
200 1 _aОтносительные удерживания некоторых алкиластатидов, -иодидов и -бромидов на динонилфталате
_fА. Колчаковски, Ю.В. Норсеев
_gЛаб. ядерных проблем
210 _d1973
_aБ. м.
461 0 _1001RU\NLR\INFOCOMM15\1000176112
_12001#$aИздания$fОбъедин. ин-т ядерных исследований$vР6-6963
700 1 _aКолчаковски
_bА.
_4070
701 1 _aНорсеев
_bЮ.В.
_4070
801 1 _aRU
_bInfoComm
_c20041210
801 0 _aRU
_bNLR
_gPSBO
852 _aNLR
_jП11/2061
942 _cISSUE
980 _aNB
980 _aRUSPER